书目信息 |
| 题名: |
马克思主义经济思想流派
|
|
| 作者: | 蔡中兴 主编 | |
| 分册: | ||
| 出版信息: | 上海 上海人民出版社 1989.8 |
|
| 页数: | 585页 | |
| 开本: | 20cm | |
| 丛书名: | ||
| 单 册: | ||
| 中图分类: | F091.9 | |
| 科图分类: | ||
| 主题词: | 经济思想史 | |
| 电子资源: | ||
| ISBN: | 7-208-00584-2 | |
| 000 | 00596nam0 2200193 45 | |
| 001 | 0404220817 | |
| 005 | 20040422083235.0 | |
| 010 | @a7-208-00584-2@dCNY9.00 | |
| 100 | @a20040422d1989 km y0chiy0120 ea | |
| 101 | 0 | @achi |
| 105 | @a z 000yy | |
| 200 | 1 | @a马克思主义经济思想流派@AMa Ke Si Zhu Yi Jing Ji Si Xiang Liu Pai@f蔡中兴等主编@FCai Zhong Xing Deng Zhu Bian |
| 210 | @a上海@c上海人民出版社@d1989.8@a上海@c上海人民出版社 | |
| 215 | @a585页@d20cm | |
| 606 | 0 | @a经济思想史 |
| 690 | @aF091.9@v3 | |
| 701 | 0 | @a蔡中兴@4主编 |
| 801 | @aCN@bTSTCL@c20040422 | |
| 905 | @f1@b226363@dF091.9@e30 | |
| 马克思主义经济思想流派/蔡中兴等主编.-上海:上海人民出版社,1989.8;上海:上海人民出版社 |
| 585页;20cm |
| ISBN 7-208-00584-2:CNY9.00 |
| ● |
| 相关链接 |
|
|
|
|
正题名:马克思主义经济思想流派
索取号:F091.9/30
 
预约/预借
| 序号 | 登录号 | 条形码 | 馆藏地/架位号 | 状态 | 备注 |
| 1 | 0226363 | 000194024 | 第一借阅区/ [索取号:F091.9/30] | 在馆 | |
| 2 | 0226364 | 000193980 | 第一样本阅览室/ [索取号:F091.9/30] | 在馆 |